000 00940nam a2200289 a 4500
001 58733
003 CO-BoRNBP
005 20250827210049.0
007 ta
008 970630s1988 ck a g 0 j spa
020 _a9582400099
020 _a9789582400095
040 _aCO-BoBN
_bspa
_cCO-BoBN
082 0 4 _a833.914
_223
100 1 _aJanosch,
_d1931-
_948387
245 1 0 _aVamos a buscar un tesoro :
_bla historia de cómo el pequeño osito y el pequeño tigre buscan la felicidad del mundo /
_cJanosch ; traducción de Ana Pérez
250 _a1a. edición
300 _a46 p. :
_bil. col. ;
_c19 cm
336 _2rdacontent
_atexto
_btxt
337 _2rdamedia
_asin mediación
_bn
338 _2rdacarrier
_avolumen
_bnc
490 0 _aInfantil alfaguara
650 1 4 _aCuentos infantiles alemanes
_ySiglo XX
_2LEMB
_9773
700 1 _aPérez, Ana,
_etraductor
_963877
942 _2ddc
_cBK
990 _a2015-9027
_bEditorial Santillana
999 _c58733
_d58733